Ingeniería de la acuicultura marina : cultivo de moluscos y crustáceos en el mar /
Enregistré dans:
| Auteur principal: | |
|---|---|
| Format: | Électronique eBook |
| Langue: | espagnol |
| Publié: |
Madrid :
Consejo Superior de Investigaciones Científicas, Fundación Observatorio Español de Acuicultura,
2011.
|
| Collection: | Publicaciones científicas y tecnológicas de la Fundación Observatorio Español de Acuicultura ;
4. |
| Sujets: | |
| Accès en ligne: | Digitalia Hispánica |
| Tags: |
Ajouter un tag
Pas de tags, Soyez le premier à ajouter un tag!
|
MARC
| LEADER | 00000nam a2200000Ii 4500 | ||
|---|---|---|---|
| 001 | DIGCSIC3804 | ||
| 003 | NyNyDIG | ||
| 006 | m o d | ||
| 007 | cr ||||||||||| | ||
| 008 | 121201s2011 sp ob 000 0 spa d | ||
| 020 | |a 9788400092894 |q (eBook) | ||
| 020 | |z 9788400088651 | ||
| 020 | |z 8400088654 | ||
| 035 | |a (OCoLC)888263374 | ||
| 040 | |a DGITA |b eng |e pn |c DGITA | ||
| 050 | 1 | 4 | |a SH135 eBook |
| 100 | 1 | |a Beaz Paleo, José Daniel. | |
| 245 | 1 | 0 | |a Ingeniería de la acuicultura marina : |b cultivo de moluscos y crustáceos en el mar / |c José Daniel Beaz Paleo. |
| 264 | 1 | |a Madrid : |b Consejo Superior de Investigaciones Científicas, Fundación Observatorio Español de Acuicultura, |c 2011. | |
| 300 | |a 1 online resource (729 pages) : |b ill. | ||
| 336 | |a text |b txt |2 rdacontent | ||
| 337 | |a computer |b c |2 rdamedia | ||
| 338 | |a online resource |b cr |2 rdacarrier | ||
| 490 | 1 | |a Publicaciones científicas y tecnológicas de la Fundación Observatorio Español de Acuicultura ; |v 4. | |
| 504 | |a Includes bibliographical references (p. 459-463). | ||
| 650 | 0 | |a Fish aquaculture. | |
| 655 | 0 | |a Electronic books. | |
| 791 | 2 | |a Digitalia (Firm), |e distributor. | |
| 830 | 0 | |a Publicaciones científicas y tecnológicas de la Fundación Observatorio Español de Acuicultura ; |v 4. | |
| 793 | 0 | |g Digitalia eBook Collection: |a Editorial CSIC. | |
| 856 | 4 | 0 | |3 Digitalia Hispánica |u https://digitalia.unach.elogim.com/a/14739/ |
| 910 | |a Premium Collection: 2007-2012 | ||